Муфты предохранительные фрикционные. Параметры, конструкция и размеры по ГОСТ 15622-96; Справочник. Инженерный журнал; № 6

Dades bibliogràfiques
Parent link:Справочник. Инженерный журнал: научно-технический и производственный журнал.— , 2000-.— 0203-347X
№ 6.— 2004.— С. 27-36
Idioma:rus
Publicat: 2004
Col·lecció:Справочник конструктора машиностроителя
Matèries:
Format: MixedMaterials Capítol de llibre
KOHA link:https://koha.lib.tpu.ru/cgi-bin/koha/opac-detail.pl?biblionumber=392573

MARC

LEADER 00000naa2a2200000 4500
001 392573
005 20231101064257.0
035 |a (RuTPU)RU\TPU\prd\27951 
090 |a 392573 
100 |a 20040916a2004 k y0rusy50 ca 
101 0 |a rus 
102 |a RU 
200 1 |a Муфты предохранительные фрикционные. Параметры, конструкция и размеры по ГОСТ 15622-96 
225 1 |a Справочник конструктора машиностроителя 
461 1 |0 (RuTPU)RU\TPU\prd\1723  |x 0203-347X  |t Справочник. Инженерный журнал  |o научно-технический и производственный журнал  |d 2000- 
463 1 |0 (RuTPU)RU\TPU\prd\27024  |t № 6  |v С. 27-36  |d 2004 
610 1 |a стандарты 
610 1 |a муфты предохранительные 
610 1 |a муфты фрикционные 
610 1 |a муфты предохранительные фрикционные 
610 1 |a приводы 
610 1 |a таблицы 
610 1 |a параметры 
801 1 |a RU  |b 63413507  |c 20040916  |g PSBO 
801 2 |a RU  |b 63413507  |c 20140116  |g RCR 
942 |c BK